[Event "18th WCh U20 Girls"]
[Site "Yerevan ARM"]
[Date "2000.10.01"]
[Round "12"]
[White "Leclair, Marie"]
[Black "Batyte, Daiva"]
[Result "1/2-1/2"]
[WhiteElo "2050"]
[BlackElo "2164"]
[EventDate "2000.09.02"]
[PlyCount "70"]

1.e4 e6 2.d4 d5 3.Nd2 c5 4.exd5 exd5 5.Ngf3 Nf6 6.Bb5+ Bd7 7.Bxd7+ Nbxd7 
8.O-O Be7 9.dxc5 Nxc5 10.Re1 O-O 11.Nd4 Nce4 12.Nxe4 dxe4 13.Nf5 Bc5 14.
Be3 Qc8 15.Ng3 Rd8 16.Qe2 Bxe3 17.Qxe3 Qxc2 18.Nxe4 Nxe4 19.Qxe4 Qxb2 20.
Reb1 Qf6 21.Qxb7 g6 22.g3 a5 23.a4 Ra6 24.Rd1 Rb6 25.Rxd8+ Qxd8 26.Qf3 Rb4
27.Rd1 Qb6 28.Rd7 Qe6 29.Rd8+ Kg7 30.Qc3+ f6 31.Rd4 Qe7 32.Qd3 Qe1+ 33.Kg2
f5 34.Rc4 Rxc4 35.Qxc4 Qd2 1/2-1/2

[Event "18th WCh U20 Girls"]
[Site "Yerevan ARM"]
[Date "2000.10.01"]
[Round "12"]
[White "Ionica, Iulia"]
[Black "Dvorakova, Magdalena"]
[Result "1-0"]
[WhiteElo "2160"]
[BlackElo "2026"]
[EventDate "2000.09.02"]
[PlyCount "65"]

1.e4 c5 2.Nf3 b6 3.d4 cxd4 4.Nxd4 Bb7 5.Nc3 a6 6.Be2 d6 7.f4 Nd7 8.Bf3 g6 
9.O-O e5 10.Nb3 Ngf6 11.Kh1 h5 12.f5 Be7 13.fxg6 fxg6 14.Nd5 Nxd5 15.exd5 
Nf6 16.Qd3 Rg8 17.Bg5 Nh7 18.Be3 Nf6 19.Nd2 g5 20.Be4 Nxe4 21.Qxe4 b5 22.
c4 Rg7 23.a4 Qd7 24.b3 b4 25.a5 O-O-O 26.Ra4 g4 27.Rxb4 Rf8 28.Rxf8+ Bxf8 
29.Ra4 Be7 30.Ra1 h4 31.Rf1 Bd8 32.Rf8 Rf7 33.Rh8 1-0

[Event "18th WCh U20 Girls"]
[Site "Yerevan ARM"]
[Date "2000.10.02"]
[Round "13"]
[White "Jackova, Jana"]
[Black "Xu Yuanyuan"]
[Result "0-1"]
[WhiteElo "2358"]
[BlackElo "2396"]
[EventDate "2000.09.02"]
[PlyCount "84"]

1.e4 c6 2.d4 d5 3.Nd2 dxe4 4.Nxe4 Bf5 5.Ng3 Bg6 6.Bc4 e6 7.N1e2 Bd6 8.O-O 
Qc7 9.f4 Ne7 10.Bd3 c5 11.Bxg6 hxg6 12.Ne4 Nd7 13.c4 Nf6 14.Qa4+ Kf8 15.
Nxd6 Qxd6 16.Qa3 Ne4 17.dxc5 Qxc5+ 18.Qxc5 Nxc5 19.b4 Ne4 20.Rd1 Ke8 21.
Bb2 Nf5 22.Nd4 Ne3 23.Rdc1 Rc8 24.c5 Nd5 25.Re1 f5 26.Nxe6 Kf7 27.Rxe4 
fxe4 28.Ng5+ Ke7 29.Nxe4 Nxb4 30.Bxg7 Rh5 31.Rb1 a5 32.a3 Nd3 33.Rxb7+ Ke6
34.g4 Rhxc5 35.Nxc5+ Rxc5 36.Rb6+ Kd5 37.Bh6 Rc2 38.Rxg6 Ke4 39.Rd6 Rd2 
40.Re6+ Kf3 41.Re3+ Kxe3 42.f5+ Nf4 0-1

[Event "18th WCh U20 Girls"]
[Site "Yerevan ARM"]
[Date "2000.10.02"]
[Round "13"]
[White "Wang Yu"]
[Black "Mohota, Nisha"]
[Result "1/2-1/2"]
[WhiteElo "2401"]
[BlackElo "2275"]
[EventDate "2000.09.02"]
[PlyCount "114"]

1.e4 c6 2.d4 d5 3.exd5 cxd5 4.c4 Nf6 5.Nc3 e6 6.Nf3 Bb4 7.cxd5 Nxd5 8.Qc2 
Nc6 9.Bd3 Be7 10.a3 h6 11.O-O O-O 12.Rd1 Bf6 13.Be4 Nce7 14.Qe2 Re8 15.Bc2
b6 16.Ne5 Bb7 17.Qg4 Nf5 18.Bd2 g6 19.Ba4 Re7 20.Qh3 h5 21.Nxd5 Qxd5 22.
Bb3 Qe4 23.Bc3 Bd5 24.Ba4 Bxe5 25.Re1 Qxg2+ 26.Qxg2 Bxg2 27.dxe5 Bd5 28.
Rac1 Rc7 29.Bb4 Rac8 30.Rxc7 Rxc7 31.Bd6 Rc4 32.b3 Rg4+ 33.Kf1 Bg2+ 34.Ke2
Nxd6 35.exd6 Re4+ 36.Kd2 Rd4+ 37.Ke3 Rxd6 38.Rc1 a6 39.Rc8+ Kg7 40.Be8 Bd5
41.b4 b5 42.f4 Rb6 43.Kd4 Rb7 44.Ke5 Ra7 45.Kd6 Ra8 46.Rxa8 Bxa8 47.Ke7 g5
48.fxg5 e5 49.Bxf7 Bf3 50.h4 e4 51.Bd5 Bg2 52.Bf7 Bf3 53.Bd5 Bg2 54.Bf7 
Bh1 55.Be8 Bf3 56.Bc6 Bg2 57.Be8 Bf3 1/2-1/2

[Event "18th WCh U20 Girls"]
[Site "Yerevan ARM"]
[Date "2000.10.02"]
[Round "13"]
[White "Pahtz, Elisabeth"]
[Black "Mkrtchian, Lilit"]
[Result "1-0"]
[WhiteElo "2343"]
[BlackElo "2312"]
[EventDate "2000.09.02"]
[PlyCount "59"]

1.e4 e6 2.d4 d5 3.Nc3 Bb4 4.e5 c5 5.a3 Ba5 6.b4 cxd4 7.Nb5 Bc7 8.f4 Bd7 9.
Nf3 Bxb5 10.Bxb5+ Nd7 11.Nxd4 Ne7 12.O-O O-O 13.Kh1 g6 14.Bd3 a6 15.Be3 
Nb6 16.Qe2 Rc8 17.Bf2 Na4 18.Qg4 h5 19.Qh3 Bb6 20.g4 Nc3 21.gxh5 Ne4 22.
hxg6 Nxg6 23.Nxe6 Nxf2+ 24.Rxf2 Qh4 25.Qxh4 Nxh4 26.Nxf8 Bxf2 27.Nd7 Kg7 
28.Rf1 Bd4 29.f5 Rd8 30.e6 1-0

[Event "18th WCh U20 Girls"]
[Site "Yerevan ARM"]
[Date "2000.10.02"]
[Round "13"]
[White "Ramaswamy, Aarthie"]
[Black "Pina Vega, Sulennis"]
[Result "1-0"]
[WhiteElo "2319"]
[BlackElo "2312"]
[EventDate "2000.09.02"]
[PlyCount "65"]

1.e4 c5 2.Nf3 d6 3.d4 cxd4 4.Nxd4 Nf6 5.Nc3 Nc6 6.Bc4 e6 7.Bb3 a6 8.Be3 
Be7 9.Qe2 Qc7 10.O-O-O O-O 11.g4 Nxd4 12.Rxd4 Nd7 13.g5 Nc5 14.Qh5 Rd8 15.
e5 g6 16.Qh6 Bf8 17.Qh3 d5 18.Qg3 Nxb3+ 19.axb3 Bg7 20.f4 b5 21.Rd2 Bb7 
22.Bd4 Bc6 23.h4 a5 24.h5 a4 25.hxg6 b4 26.Nb1 a3 27.bxa3 bxa3 28.Qh3 fxg6
29.Qxh7+ Kf7 30.Rh6 a2 31.Qxg6+ Kf8 32.Bc5+ Rd6 33.Rdh2 1-0

[Event "18th WCh U20 Girls"]
[Site "Yerevan ARM"]
[Date "2000.10.02"]
[Round "13"]
[White "Plachkinova, Tatiana"]
[Black "Radziewicz, Iweta"]
[Result "0-1"]
[WhiteElo "2171"]
[BlackElo "2379"]
[EventDate "2000.09.02"]
[PlyCount "110"]

1.d4 g6 2.c4 Bg7 3.Nf3 c5 4.d5 d6 5.e4 e6 6.h3 Ne7 7.Be2 O-O 8.O-O a6 9.
Nc3 exd5 10.exd5 Nd7 11.Bg5 h6 12.Bf4 Nf6 13.Re1 b6 14.Qd2 g5 15.Bg3 Ra7 
16.a3 Bf5 17.Bd3 Bxd3 18.Qxd3 Nh5 19.Bh2 Ng6 20.Re3 f5 21.Rae1 Nhf4 22.Qd2
g4 23.Bxf4 Nxf4 24.Nh2 gxh3 25.Rg3 Nxg2 26.Re6 f4 27.Rxh3 Bxc3 28.Qxc3 Rg7
29.Kh1 Nh4 30.Nf3 Nxf3 31.Qxf3 Qg5 32.Re1 Rf5 33.Rh2 Re5 34.Qd1 Qg4 35.Rg1
Qxg1+ 36.Qxg1 Rxg1+ 37.Kxg1 Kg7 38.Rh4 Re4 39.b3 Kg6 40.Rg4+ Kf5 41.Rg8 f3
42.Kh2 Rg4 43.Rf8+ Ke5 44.Rxf3 b5 45.Re3+ Re4 46.Rh3 bxc4 47.bxc4 Rxc4 48.
Rh5+ Ke4 49.f3+ Kd4 50.Kg3 Rc1 51.Kf4 Re1 52.Rxh6 Kxd5 53.Kf5 c4 54.Rh8 c3
55.Rc8 Kd4 0-1

[Event "18th WCh U20 Girls"]
[Site "Yerevan ARM"]
[Date "2000.10.02"]
[Round "13"]
[White "Khukhashvili, Sopiko"]
[Black "Zimina, Olga"]
[Result "1/2-1/2"]
[WhiteElo "2272"]
[BlackElo "2263"]
[EventDate "2000.09.02"]
[PlyCount "34"]

1.e4 c5 2.Nf3 Nc6 3.d4 cxd4 4.Nxd4 Nf6 5.Nc3 e6 6.Ndb5 d6 7.Bf4 e5 8.Bg5 
a6 9.Na3 Be6 10.Nc4 Rc8 11.Ne3 Be7 12.Bxf6 Bxf6 13.Ncd5 O-O 14.c3 Bg5 15.
Be2 Kh8 16.Qd3 Ne7 17.Bf3 Rc5 1/2-1/2

[Event "18th WCh U20 Girls"]
[Site "Yerevan ARM"]
[Date "2000.10.02"]
[Round "13"]
[White "Calotescu, Ana-Cristina"]
[Black "Javakhishvili, Lela"]
[Result "0-1"]
[WhiteElo "2222"]
[BlackElo "2301"]
[EventDate "2000.09.02"]
[PlyCount "98"]

1.Nf3 c5 2.c4 Nf6 3.g3 b6 4.Bg2 Bb7 5.Nc3 e6 6.O-O Be7 7.d4 cxd4 8.Qxd4 d6
9.Rd1 a6 10.b3 Nbd7 11.e4 Qc7 12.Ba3 Nc5 13.e5 dxe5 14.Qxe5 Rc8 15.Qxc7 
Rxc7 16.Ne5 Bxg2 17.Kxg2 O-O 18.f4 Rb8 19.Bb2 h6 20.Kf3 b5 21.cxb5 axb5 
22.Ne2 Bf8 23.g4 b4 24.Nc4 Nd5 25.Be5 Rbc8 26.Bxc7 Rxc7 27.Rac1 Ra7 28.Rc2
g5 29.Ne3 Nf6 30.Rd8 Nfd7 31.Nc4 Kg7 32.Ne5 Nxe5+ 33.fxe5 Be7 34.Re8 Nd3 
35.Ke3 Nxe5 36.h3 f5 37.gxf5 exf5 38.Nd4 Kf6 39.Rf2 f4+ 40.Ke4 Nf7 41.Rb8 
Bc5 42.Rc2 Re7+ 43.Kd3 Ne5+ 44.Ke4 Nd7+ 45.Kd3 Bxd4 46.Rxb4 Ba7 47.Re2 
Ne5+ 48.Kd2 f3 49.Re1 f2 0-1

[Event "18th WCh U20 Girls"]
[Site "Yerevan ARM"]
[Date "2000.10.02"]
[Round "13"]
[White "Aginian, Nelly"]
[Black "Leclair, Marie"]
[Result "0-1"]
[WhiteElo "2205"]
[BlackElo "2050"]
[EventDate "2000.09.02"]
[PlyCount "84"]

1.e4 c5 2.Nf3 Nc6 3.d4 cxd4 4.Nxd4 Nf6 5.Nc3 d6 6.f4 Qb6 7.Nb3 g6 8.h3 Bg7
9.Qf3 a6 10.Be3 Qc7 11.g4 b5 12.g5 Nd7 13.Nd5 Qd8 14.O-O-O Bb7 15.Qf2 O-O 
16.h4 e6 17.Nc3 b4 18.Ne2 Na5 19.Ng3 Nxb3+ 20.axb3 Qc7 21.h5 Rfc8 22.Bc4 
d5 23.exd5 exd5 24.Bxd5 a5 25.hxg6 hxg6 26.Bxb7 Qxb7 27.Bd4 f6 28.gxf6 
Nxf6 29.Qe2 Qf7 30.Rd3 a4 31.Kb1 a3 32.bxa3 bxa3 33.Re1 Re8 34.Be5 a2+ 35.
Ka1 Nd7 36.Qd2 Nxe5 37.fxe5 Bxe5+ 38.c3 Qxb3 39.Rde3 Red8 40.Qc1 Bf4 41.
Nf1 Bxe3 42.Nxe3 Rdb8 0-1

[Event "18th WCh U20 Girls"]
[Site "Yerevan ARM"]
[Date "2000.10.02"]
[Round "13"]
[White "Batyte, Daiva"]
[Black "Minnaar, Michelle"]
[Result "1-0"]
[WhiteElo "2164"]
[BlackElo "2062"]
[EventDate "2000.09.02"]
[PlyCount "41"]

1.e4 c5 2.Nf3 d6 3.d4 cxd4 4.Nxd4 Nf6 5.Nc3 g6 6.Bg5 Bg7 7.Be2 O-O 8.Qd2 
Nc6 9.Nb3 Be6 10.Bh6 Rc8 11.h4 Nb4 12.Bxg7 Kxg7 13.h5 Qb6 14.Rc1 a5 15.Nd4
Rxc3 16.bxc3 Nxa2 17.hxg6 h5 18.gxf7 Bxf7 19.Nf5+ Kh7 20.Qh6+ Kg8 21.Qg7# 
1-0

[Event "18th WCh U20 Girls"]
[Site "Yerevan ARM"]
[Date "2000.10.02"]
[Round "13"]
[White "Horn, Emilia"]
[Black "Ionica, Iulia"]
[Result "0-1"]
[WhiteElo "2052"]
[BlackElo "2160"]
[EventDate "2000.09.02"]
[PlyCount "104"]

1.e4 c5 2.Nf3 e6 3.d3 d6 4.g3 g6 5.Bg2 Bg7 6.O-O Nc6 7.Nbd2 Nge7 8.c3 O-O 
9.h4 b5 10.h5 b4 11.hxg6 hxg6 12.c4 Rb8 13.Qc2 Bb7 14.Rb1 Nd4 15.Nxd4 cxd4
16.Nf3 d5 17.exd5 exd5 18.c5 Rc8 19.Bf4 Re8 20.Rbc1 Qa5 21.b3 Rc6 22.Rfe1 
Qd8 23.Qd2 a5 24.Bh3 Bc8 25.Bxc8 Qxc8 26.Qc2 Nf5 27.Ne5 Rce6 28.Nf3 Rc6 
29.Ne5 Bxe5 30.Rxe5 Rxe5 31.Bxe5 f6 32.Bf4 g5 33.Bd2 Nh6 34.Kg2 Nf7 35.a3 
Ne5 36.axb4 axb4 37.Bxb4 Qf5 38.Qe2 Qxd3 39.Qh5 Qe4+ 40.Kg1 Nf3+ 41.Kf1 d3
42.Qh1 d2 43.Ra1 Rc8 44.c6 Qd3+ 45.Kg2 Ne1+ 46.Rxe1 dxe1=Q 47.Qxe1 Qe4+ 
48.f3 Qxe1 49.Bxe1 Rxc6 50.b4 Rc2+ 51.Kh3 d4 52.b5 Rb2 0-1

[Event "18th WCh U20 Girls"]
[Site "Yerevan ARM"]
[Date "2000.10.02"]
[Round "13"]
[White "Dvorakova, Magdalena"]
[Black "Babataeva, Indira"]
[Result "1/2-1/2"]
[WhiteElo "2026"]
[BlackElo "2077"]
[EventDate "2000.09.02"]
[PlyCount "42"]

1.e4 c5 2.Nf3 e6 3.Nc3 a6 4.d4 cxd4 5.Nxd4 Qc7 6.g3 Bb4 7.Bd2 Nc6 8.Nde2 
Ne5 9.Bg2 Nc4 10.O-O Nxd2 11.Qxd2 Be7 12.Nd4 Nf6 13.Qg5 Qc5 14.Qxc5 Bxc5 
15.Rad1 h5 16.Rfe1 Ng4 17.e5 Bb4 18.Rd3 f6 19.exf6 gxf6 20.f4 Kf7 21.h3 
Nh6 1/2-1/2